Amor y Blasfemia : (Registro nro. 22473)
[ vista simple ]
| 000 -CABECERA | |
|---|---|
| Longitud fija campo de control | 00618nam a2200193 a 4500 |
| 003 - • IDENTIFICADOR DELl NÚMERO DE CONTROL | |
| Identificador del número de control | CO-ViMGA |
| 008 - • CÓDIGOS DE INFORMACIÓN DE LONGITUD FIJA | |
| Códigos de información de longitud fija | 141112s2004 ck r 000 u spa d |
| 040 ## - FUENTE DE LA CATALOGACIÓN | |
| Centro catalogador de origen | CO-ViMGA |
| Lengua de catalogación | spa |
| Centro transcriptor | CO-ViMGA |
| 082 04 - • NÚMERO DE LA CLASIFICACIÓN DECIMAL DEWEY | |
| Número de clasificación (R) | Co861.6 Ch17a |
| 100 1# - • PUNTO DE ACCESO PRINCIPAL-NOMBRE DE PERSONA | |
| Nombre de persona | Charry, Morales Ariel |
| 245 10 - • TITULO PROPIAMENTE DICHO | |
| Título | Amor y Blasfemia : |
| Resto del título | Vida y muerte, orden y desorden poeticos |
| 300 ## - • DESCRIPCIÓN FÍSICA | |
| Extensión | 217p. |
| 500 ## - • NOTA GENERAL | |
| Nota general | En : Amor y blasfemia : Vida y muerte, Orden y Desorden Poeticos; FrCo 861.6 Ch17a |
| 590 ## - NOTAS LOCALES | |
| Nota local | Ejemplares : 10 |
| 650 14 - • PUNTO DE ACCESO ADICIONAL DE MATERIA - TÉRMINO DE MATERIA | |
| Término de materia o nombre geográfico como elemento inicial | POESIA COLOMBIANA |
| 942 ## - ENTRADA DE ELEMENTOS AGREGADOS (KOHA) | |
| Fuente de clasificaión o esquema | Dewey Decimal Classification |
| Koha [por defecto] tipo de item | LIbro |
No hay ítems disponibles.